1369 1459 1645 1260 1798 1347 1322 1353 1883 1024 1582 1918 1339 1481 1790 1802 1439 1909 1405 1411 1108 1974 1203 1130 1460 1517 1580 1218 1420 1350 1492 1369 1412 1014 1446 1020 1183 1986 1321 1472 1270 1823 1423 1769 1742 1052 1271 1163 1699 1501 1604 1700 1516 1173 1802 1618 1635 1923 1482 1901 1811 1457 1375 1764 1799 1220 1786 1190 1606 1138 1009 1480 1196 1702 1092 1902 1556 1985 1979 1005 1012 1180 1145 1100 1734 1158 1995 1388 1040 1869 1692 1036 1128 1178 1769 1885 1409 1580 1435 BCNSPRNW ULIB Ver.6.0+V

เปลี่ยนเป็นภาษาไทย

Change to English
 แสดงรายละเอียดบรรณานุกรม
  กลับหน้าหลัก

Brief Record : Get Marc (ISO 2709) : E-mail record : QR code < ปิดหน้าต่าง
LEADER : 00000nam 2200000uu 4500
001    13399126794
003     ULIB
008    190306s2561||||th 000 0 tha d
020    ^a9786163660534
050    ^aนว^bน472ร
100    ^aนายตะวัน
245    ^aรอยรักกลางตะวัน ชุดซีรีส์ราชสีห์/^cนายตะวัน
260    ^aกรุงเทพฯ :^bแสงจันทร์นวล,^c2561
300    ^a403 หน้า;^b21 ซม.
490 0  ^aราชสีห์ ;^v8
650    ^aนวนิยาย
945    ^p330^l0^i27289
999    ^aกัณชพร จุลอักษร
รายการนี้ยังไม่มีแท็ก
คุณยังไม่ได้ล็อกอิน คุณสามารถมีกิจกรรมร่วมกับเว็บไซต์ได้ แต่ต้องล็อกอินก่อน ::
  ล็อกอิน

รายการสื่อสารสนเทศ

ลำดับที่ ประเภท เลขเรียก/บาร์โค้ด สถานที่ สถานะ
1. วิทยาศาสตร์การแพทย์ และสุขภาพ
วิทยาศาสตร์การแพทย์ และสุขภาพ
นว น472ร ฉ.1 
  Barcode: 27289
ห้องสมุดวิทยาเขตสวรรค์ประชารักษ์
►นวนิยาย
บนชั้น
  ขอยืม

รายการใกล้เคียง
    ผู้แต่ง [นายตะวัน]

    หัวเรื่อง [นวนิยาย]

BibComment


ยังไม่เคยถูกคอมเมนท์

คอมเมนท์ทรัพยากรรายการนี้
  คอมเมนท์: รอยรักกลางตะวัน ..


 Copyright 2026. Bcnsprnw @Library